[Event "Wertungspartie, 4m + 0s"]
[Site "Rochade Kuppenheim"]
[Date "2002.06.22"]
[Round "?"]
[White "Wladimir Epischin"]
[Black "Luke McShane"]
[Result "0-1"]
[WhiteElo "1290"]
[BlackElo "1910"]
[Annotator "www.Rochade-Kuppenheim.de"]
[PlyCount "138"]
[EventDate "2002.??.??"]

1. d4 {5} 1... b6 {4} 2. e4 {3} 2... Bb7 {1} 3. Bd3 {1} 3... e6 {1} 4. Nf3 {2}
4... d6 {3} 5. O-O {1} 5... Nd7 {1} 6. Re1 {2} 6... g6 {3} 7. c3 {6} 7... Bg7 {
1} 8. Bg5 {6} 8... Ne7 {1} 9. Nbd2 {3} 9... h6 {1} 10. Bh4 {3} 10... g5 {13}
11. Bg3 {2} 11... Ng6 {0} 12. h3 {13} 12... h5 {10} 13. d5 {14} 13... Qe7 {13}
14. Nc4 {9} 14... g4 {21} 15. hxg4 {3} 15... hxg4 {1} 16. Nh2 {2} 16... Nde5 {
10} 17. Nxg4 {14} 17... Nxd3 {9} 18. Qxd3 {3} 18... e5 {1} 19. Qf3 {21} 19...
Nh4 {13} 20. Bxh4 {14} 20... Qxh4 {1} 21. g3 {1} 21... Qg5 {4} 22. Nce3 {7}
22... Qg6 {3} 23. Qf5 {6} 23... Bc8 {5} 24. Qxg6 {4} 24... fxg6 {1} 25. Kg2 {2}
25... Bd7 {4} 26. Rh1 {2} 26... Kf7 {5} 27. Rxh8 {3} 27... Rxh8 {1} 28. Rh1 {3}
28... Rh5 {2} 29. Rxh5 {3} 29... gxh5 {1} 30. Nh2 {1} 30... Bh6 {0} 31. Kf3 {5}
31... Kg6 {3} 32. Ke2 {2} 32... Bh3 {4} 33. Nf3 {1} 33... Kf7 {3} 34. Nh4 {2}
34... Bg5 {1} 35. Nhf5 {3} 35... Bd8 {2} 36. f3 {2} 36... a6 {4} 37. Kf2 {2}
37... Bg5 {3} 38. Kg1 {3} 38... Kf6 {5} 39. Kh2 {3} 39... Bxe3 {8} 40. Nxe3 {2}
40... Bd7 {2} 41. f4 {3} 41... Bc8 {1} 42. Kg2 {5} 42... Bd7 {1} 43. Kf3 {3}
43... Bc8 {1} 44. Nc4 {3} 44... Bg4+ {3} 45. Ke3 {2} 45... Bd7 {5} 46. fxe5+ {2
} 46... dxe5 {1} 47. Nd2 {2} 47... Bg4 {2} 48. Nf3 {1} 48... Bd7 {2} 49. Nh4 {1
} 49... Bb5 {3} 50. b3 {1} 50... Bd7 {1} 51. c4 {1} 51... Bg4 {1} 52. b4 {1}
52... Ke7 {1} 53. c5 {1} 53... Kd7 {1} 54. c6+ {3} 54... Ke7 {2} 55. Nf5+ {2}
55... Kd8 {2} 56. Nh6 {2} 56... Bd1 {3} 57. Nf7+ {1} 57... Ke7 {1} 58. Nxe5 {1}
58... Bc2 {1} 59. Nd3 {1} 59... Bb1 {1} 60. a3 {2} 60... Bc2 {1} 61. Kd4 {1}
61... Bd1 {1} 62. e5 {1} 62... Bg4 {1} 63. Nf4 {1} 63... Kd8 {1} 64. d6 {1}
64... Bf3 {3} 65. Ne6+ {1} 65... Ke8 {1} 66. d7+ {1} 66... Kf7 {2} 67. d8=Q {3}
67... Bxc6 {3} 68. Qf6+ {3} 68... Ke8 {1} 69. Qg7 {2} 69... Bd7 {
. Zeit . (Lag: Av=0.42s, max=0.6s) 2} 0-1

[Event "Wertungspartie, 4m + 0s"]
[Site "Rochade Kuppenheim"]
[Date "2002.06.22"]
[Round "?"]
[White "Luke McShane"]
[Black "Kuppenheim 12hB"]
[Result "1-0"]
[WhiteElo "1911"]
[BlackElo "1289"]
[Annotator "www.Rochade-Kuppenheim.de"]
[PlyCount "31"]
[EventDate "2002.??.??"]

1. e4 {1} 1... c5 {4} 2. Nf3 {2} 2... Nc6 {2} 3. Bb5 {2} 3... d6 {4} 4. O-O {8}
4... Bd7 {2} 5. Re1 {2} 5... a6 {6} 6. Bf1 {2} 6... g6 {7} 7. c3 {4} 7... Bg7 {
2} 8. d4 {4} 8... cxd4 {3} 9. cxd4 {2} 9... Nf6 {5} 10. Nc3 {6} 10... O-O {2}
11. h3 {2} 11... Rc8 {4} 12. Bg5 {2} 12... Re8 {7} 13. e5 {17} 13... dxe5 {12}
14. dxe5 {1} 14... Nh5 {11} 15. g4 {1} 15... h6 {18} 16. Bd2 {
Kuppenheim 12hB gibt auf (Lag: Av=0.39s, max=0.4s) 10} 1-0

[Event "Wertungspartie, 4m + 0s"]
[Site "Rochade Kuppenheim"]
[Date "2002.06.22"]
[Round "?"]
[White "Kuppenheim 12hB"]
[Black "Luke McShane"]
[Result "0-1"]
[WhiteElo "1288"]
[BlackElo "1912"]
[Annotator "www.Rochade-Kuppenheim.de"]
[PlyCount "66"]
[EventDate "2002.??.??"]

1. d4 {4} 1... b6 {6} 2. Bf4 {5} 2... Bb7 {2} 3. e3 {3} 3... g6 {7} 4. Nf3 {2}
4... Bg7 {1} 5. Be2 {2} 5... d6 {1} 6. O-O {3} 6... Nd7 {0} 7. c3 {8} 7... e5 {
5} 8. Bg3 {4} 8... Qe7 {5} 9. Nbd2 {6} 9... Ngf6 {5} 10. h3 {7} 10... O-O {2}
11. Qc2 {5} 11... Rfe8 {6} 12. Rfe1 {3} 12... Nh5 {18} 13. Bh2 {5} 13... e4 {3}
14. b4 {23} 14... exf3 {9} 15. Bxf3 {1} 15... Bxf3 {3} 16. Nxf3 {1} 16... Qe4 {
3} 17. Qxe4 {5} 17... Rxe4 {1} 18. a4 {1} 18... a5 {2} 19. b5 {3} 19... Re7 {7}
20. c4 {7} 20... Nhf6 {4} 21. Bg3 {6} 21... Ne4 {5} 22. Bf4 {3} 22... h6 {2}
23. Rac1 {3} 23... g5 {2} 24. Bh2 {3} 24... f5 {1} 25. Red1 {3} 25... Bf6 {5}
26. Ne1 {2} 26... Bg7 {5} 27. Nd3 {2} 27... Rae8 {2} 28. Kf1 {9} 28... Nf8 {11}
29. Bg1 {6} 29... Ng6 {4} 30. f3 {1} 30... Ng3+ {3} 31. Kf2 {1} 31... f4 {1}
32. c5 {8} 32... Bxd4 {5} 33. Re1 {20} 33... Rxe3 {
Kuppenheim 12hB gibt auf (Lag: Av=0.40s, max=0.5s) 5} 0-1

[Event "Wertungspartie, 4m + 0s"]
[Site "Rochade Kuppenheim"]
[Date "2002.06.22"]
[Round "?"]
[White "Luke McShane"]
[Black "Kuppenheim 12hB"]
[Result "1-0"]
[WhiteElo "1913"]
[BlackElo "1287"]
[Annotator "www.Rochade-Kuppenheim.de"]
[PlyCount "93"]
[EventDate "2002.??.??"]

1. e4 {1} 1... c5 {2} 2. Nf3 {2} 2... Nc6 {1} 3. Bb5 {2} 3... g6 {2} 4. O-O {2}
4... Bg7 {1} 5. c3 {1} 5... e6 {1} 6. d4 {9} 6... cxd4 {3} 7. cxd4 {2} 7... a6
{1} 8. Ba4 {11} 8... b5 {7} 9. Bb3 {2} 9... Nge7 {14} 10. d5 {3} 10... Na5 {2}
11. Bc2 {17} 11... Bb7 {14} 12. Nc3 {12} 12... O-O {6} 13. Bg5 {7} 13... f6 {5}
14. Be3 {6} 14... Nc4 {5} 15. Qe2 {9} 15... Nxe3 {11} 16. Qxe3 {1} 16... e5 {5}
17. Bb3 {12} 17... d6 {3} 18. Rac1 {8} 18... Qd7 {7} 19. a4 {5} 19... b4 {9}
20. Nb1 {1} 20... Rfc8 {8} 21. Nbd2 {1} 21... Rxc1 {4} 22. Rxc1 {1} 22... Rc8 {
0} 23. Nc4 {4} 23... Qc7 {11} 24. Rc2 {10} 24... Qd8 {30} 25. a5 {15} 25... Bf8
{6} 26. Qd2 {12} 26... f5 {7} 27. Ng5 {35} 27... Rc5 {9} 28. Ne6 {2} 28... Qc8
{15} 29. Nxc5 {3} 29... Qxc5 {5} 30. Nxe5 {2} 30... Qxa5 {1} 31. Nc6 {4} 31...
Qb6 {11} 32. Qxb4 {1} 32... Qxb4 {7} 33. Nxb4 {1} 33... fxe4 {3} 34. Rc7 {1}
34... Bc8 {3} 35. Nc6 {0} 35... Bf5 {10} 36. Nxe7+ {1} 36... Bxe7 {1} 37. Rxe7
{0} 37... a5 {1} 38. Ra7 {0} 38... h5 {2} 39. Rxa5 {1} 39... Kg7 {1} 40. Bc2 {1
} 40... Kf6 {1} 41. Kf1 {1} 41... Ke5 {1} 42. b4 {2} 42... Kd4 {1} 43. Ra6 {1}
43... Ke5 {1} 44. b5 {1} 44... Kxd5 {1} 45. b6 {1} 45... Kc6 {1} 46. Bb3 {. 2}
46... d5 {2} 47. Ra5 {Zeit . (Lag: Av=0.41s, max=0.6s) 2} 1-0

[Event "Wertungspartie, 4m + 0s"]
[Site "Rochade Kuppenheim"]
[Date "2002.06.22"]
[Round "?"]
[White "Robert Rabiega"]
[Black "Luke McShane"]
[Result "1-0"]
[WhiteElo "1285"]
[BlackElo "1915"]
[Annotator "www.Rochade-Kuppenheim.de"]
[PlyCount "81"]
[EventDate "2002.??.??"]

1. e4 {0} 1... b6 {1} 2. d4 {1} 2... Bb7 {1} 3. Bd3 {1} 3... e6 {0} 4. Qe2 {1}
4... d6 {2} 5. Nf3 {1} 5... Nd7 {1} 6. O-O {1} 6... g6 {1} 7. c3 {1} 7... Bg7 {
1} 8. Re1 {36} 8... Ne7 {2} 9. Nbd2 {2} 9... O-O {8} 10. Nf1 {1} 10... a6 {3}
11. Ng3 {1} 11... b5 {2} 12. h3 {1} 12... Nb6 {2} 13. Bf4 {3} 13... Qd7 {3} 14.
Rad1 {2} 14... Rac8 {5} 15. Nh2 {2} 15... Rfd8 {13} 16. Ng4 {3} 16... Kh8 {3}
17. Bg5 {5} 17... Qe8 {6} 18. Nf6 {6} 18... Qf8 {1} 19. e5 {1} 19... Nbd5 {7}
20. Nge4 {6} 20... Ng8 {3} 21. a3 {7} 21... Ngxf6 {14} 22. exf6 {5} 22... Bh6 {
1} 23. Qd2 {1} 23... Bxg5 {2} 24. Qxg5 {1} 24... Nb6 {9} 25. Ng3 {11} 25... Nd7
{6} 26. Be4 {2} 26... Bxe4 {21} 27. Rxe4 {2} 27... c5 {15} 28. d5 {12} 28...
exd5 {13} 29. Rxd5 {2} 29... Re8 {1} 30. Re7 {4} 30... h6 {22} 31. Qh4 {13}
31... Ne5 {19} 32. Ne4 {4} 32... g5 {21} 33. Nxg5 {24} 33... Ng6 {1} 34. Nxf7+
{6} 34... Qxf7 {1} 35. Qxh6+ {1} 35... Kg8 {1} 36. Rxf7 {1} 36... Re1+ {1} 37.
Kh2 {1} 37... Kxf7 {1} 38. Qg7+ {1} 38... Ke6 {0} 39. Qxg6 {3} 39... Kxd5 {1}
40. Qf5+ {1} 40... Kc4 {3} 41. Qxc8 {Luke McShane resigns 1} 1-0

[Event "Wertungspartie, 4m + 0s"]
[Site "Rochade Kuppenheim"]
[Date "2002.06.22"]
[Round "?"]
[White "Luke McShane"]
[Black "Kuppenheim 12hB"]
[Result "1-0"]
[WhiteElo "1876"]
[BlackElo "1324"]
[Annotator "www.Rochade-Kuppenheim.de"]
[PlyCount "71"]
[EventDate "2002.??.??"]

1. e4 {0} 1... c5 {4} 2. Nf3 {1} 2... g6 {2} 3. c3 {2} 3... d5 {2} 4. e5 {5}
4... Nc6 {4} 5. d4 {10} 5... Bg4 {8} 6. Be2 {4} 6... Bxf3 {7} 7. Bxf3 {1} 7...
cxd4 {1} 8. cxd4 {1} 8... e6 {1} 9. O-O {15} 9... Qb6 {11} 10. Be3 {26} 10...
Nge7 {46} 11. Qd2 {13} 11... Nf5 {2} 12. Rd1 {6} 12... h5 {5} 13. Nc3 {3} 13...
Be7 {2} 14. a3 {5} 14... Na5 {6} 15. Rab1 {9} 15... Nc4 {3} 16. Qe2 {2} 16...
Qb3 {2} 17. Nxd5 {34} 17... exd5 {2} 18. Bxd5 {1} 18... Rc8 {6} 19. Rbc1 {6}
19... b5 {10} 20. Rc3 {2} 20... Qa4 {2} 21. b3 {8} 21... Qa5 {6} 22. Qd3 {16}
22... Nb6 {8} 23. Rxc8+ {9} 23... Nxc8 {1} 24. Bc6+ {1} 24... Kf8 {1} 25. Bxb5
{5} 25... Qxa3 {2} 26. Bc1 {3} 26... Qa5 {6} 27. Bd7 {2} 27... Nb6 {6} 28. Bxf5
{1} 28... gxf5 {2} 29. d5 {1} 29... Bc5 {12} 30. Qxf5 {2} 30... Qc3 {19} 31. e6
{8} 31... Qg7 {4} 32. Bb2 {4} 32... Qh7 {1} 33. Qf4 {8} 33... Ke7 {. 29} 34.
Qc7+ {2} 34... Ke8 {7} 35. Bxh8 {2} 35... Bxf2+ {8} 36. Kh1 {
Zeit (Lag: Av=0.41s, max=0.6s) 1} 1-0

[Event "Wertungspartie, 4m + 0s"]
[Site "Rochade Kuppenheim"]
[Date "2002.06.22"]
[Round "?"]
[White "Kuppenheim 12hB"]
[Black "Luke McShane"]
[Result "0-1"]
[WhiteElo "1323"]
[BlackElo "1877"]
[Annotator "www.Rochade-Kuppenheim.de"]
[PlyCount "54"]
[EventDate "2002.??.??"]

1. e4 {1} 1... c5 {1} 2. Nf3 {3} 2... Nc6 {1} 3. Bb5 {2} 3... g6 {2} 4. Bxc6 {2
} 4... bxc6 {4} 5. O-O {2} 5... Bg7 {0} 6. Re1 {1} 6... Nh6 {7} 7. c3 {1} 7...
f6 {2} 8. d4 {0} 8... cxd4 {1} 9. cxd4 {0} 9... O-O {4} 10. Nc3 {0} 10... Nf7 {
2} 11. Be3 {1} 11... d6 {1} 12. Rc1 {3} 12... Bd7 {1} 13. b3 {3} 13... Qa5 {2}
14. Nd2 {1} 14... Qa6 {1} 15. Nc4 {2} 15... Rae8 {4} 16. d5 {7} 16... c5 {3}
17. f4 {4} 17... f5 {13} 18. e5 {7} 18... dxe5 {1} 19. fxe5 {2} 19... Nxe5 {1}
20. Nxe5 {3} 20... Bxe5 {1} 21. Bxc5 {2} 21... Qf6 {6} 22. Rxe5 {11} 22... Qxe5
{2} 23. Bd4 {0} 23... Qf4 {5} 24. Bh8 {4} 24... Kxh8 {4} 25. Ne2 {25} 25...
Qe3+ {2} 26. Kh1 {0} 26... Rc8 {2} 27. Rxc8 {5} 27... Rxc8 {
Zeit . (Lag: Av=0.41s, max=0.5s) 1} 0-1

[Event "Wertungspartie, 4m + 0s"]
[Site "Rochade Kuppenheim"]
[Date "2002.06.22"]
[Round "?"]
[White "Luke McShane"]
[Black "Kuppenheim 12hB"]
[Result "1-0"]
[WhiteElo "1879"]
[BlackElo "1321"]
[Annotator "www.Rochade-Kuppenheim.de"]
[PlyCount "139"]
[EventDate "2002.??.??"]

1. e4 {1} 1... c5 {1} 2. Nf3 {1} 2... Nc6 {0} 3. Bb5 {1} 3... g6 {1} 4. O-O {2}
4... Nf6 {3} 5. Re1 {6} 5... Bg7 {5} 6. c3 {1} 6... O-O {2} 7. d4 {3} 7... d5 {
3} 8. e5 {1} 8... Ne4 {1} 9. Bxc6 {3} 9... bxc6 {2} 10. Nbd2 {0} 10... Nxd2 {6}
11. Nxd2 {2} 11... cxd4 {3} 12. cxd4 {1} 12... f6 {8} 13. exf6 {8} 13... exf6 {
1} 14. Nb3 {2} 14... Bf5 {6} 15. Bf4 {6} 15... Re8 {3} 16. Qd2 {2} 16... Qb6 {
11} 17. Nc5 {4} 17... Kf7 {9} 18. b4 {13} 18... Bf8 {9} 19. a4 {8} 19... a5 {3}
20. Rxe8 {9} 20... Kxe8 {10} 21. bxa5 {13} 21... Qxa5 {2} 22. Qxa5 {13} 22...
Rxa5 {1} 23. Bc7 {1} 23... Ra8 {6} 24. Bb6 {17} 24... Kf7 {8} 25. a5 {3} 25...
Bxc5 {2} 26. Bxc5 {1} 26... Bd3 {1} 27. f3 {3} 27... g5 {4} 28. Kf2 {6} 28...
h5 {2} 29. Ke3 {3} 29... Bb5 {2} 30. Kd2 {2} 30... Ke6 {4} 31. Kc3 {2} 31...
Ba6 {2} 32. Re1+ {2} 32... Kf5 {5} 33. Re7 {2} 33... h4 {7} 34. Kb4 {10} 34...
Bb5 {10} 35. Bb6 {3} 35... Kg6 {8} 36. Kc5 {2} 36... Kf5 {6} 37. Bc7 {5} 37...
Ra7 {9} 38. Kb6 {11} 38... Ra6+ {2} 39. Kb7 {2} 39... Bf1 {1} 40. Bb6 {4} 40...
Bb5 {6} 41. Re1 {3} 41... g4 {9} 42. fxg4+ {6} 42... Kxg4 {1} 43. Re3 {6} 43...
f5 {3} 44. Rf3 {1} 44... Kg5 {4} 45. Bd8+ {2} 45... Kg6 {5} 46. Rb3 {5} 46...
Bc4 {3} 47. Rb6 {4} 47... Rxb6+ {14} 48. axb6 {6} 48... h3 {2} 49. gxh3 {3}
49... f4 {1} 50. Bh4 {1} 50... c5 {2} 51. Ka7 {5} 51... cxd4 {1} 52. b7 {1}
52... d3 {1} 53. b8=Q {2} 53... Kf5 {0} 54. Bg3 {2} 54... fxg3 {1} 55. hxg3 {1}
55... d2 {4} 56. Qf4+ {0} 56... Ke6 {1} 57. Qxd2 {0} 57... Ke5 {0} 58. Qf4+ {1}
58... Ke6 {1} 59. h4 {0} 59... Bd3 {0} 60. h5 {0} 60... Be4 {0} 61. h6 {0}
61... Bf5 {1} 62. g4 {1} 62... Be4 {1} 63. g5 {0} 63... Bd3 {1} 64. Qf6+ {0}
64... Kd7 {1} 65. g6 {0} 65... Bxg6 {1} 66. Qxg6 {1} 66... d4 {0} 67. h7 {0}
67... d3 {0} 68. h8=Q {1} 68... d2 {1} 69. Qhh7+ {0} 69... Kc8 {1} 70. Qgg8# {
(Lag: Av=0.74s, max=7.6s) 0} 1-0

[Event "Wertungspartie, 4m + 0s"]
[Site "Rochade Kuppenheim"]
[Date "2002.06.22"]
[Round "?"]
[White "Klaus Bischoff"]
[Black "Luke McShane"]
[Result "0-1"]
[WhiteElo "1320"]
[BlackElo "1880"]
[Annotator "www.Rochade-Kuppenheim.de"]
[PlyCount "98"]
[EventDate "2002.??.??"]

1. c4 {7} 1... e5 {2} 2. Nc3 {2} 2... Nf6 {1} 3. Nf3 {2} 3... Nc6 {1} 4. d3 {2}
4... Bc5 {4} 5. e3 {2} 5... d6 {4} 6. Be2 {1} 6... a6 {3} 7. O-O {3} 7... O-O {
2} 8. a3 {2} 8... Ba7 {1} 9. b4 {2} 9... Ne7 {1} 10. Bb2 {2} 10... Ng6 {1} 11.
Qc2 {6} 11... c6 {1} 12. d4 {5} 12... Qe7 {8} 13. dxe5 {3} 13... dxe5 {1} 14.
c5 {5} 14... Bb8 {6} 15. Nd2 {3} 15... Bc7 {6} 16. Nc4 {4} 16... Be6 {5} 17.
Rad1 {4} 17... Rad8 {2} 18. Rxd8 {9} 18... Rxd8 {1} 19. Rd1 {2} 19... Rxd1+ {3}
20. Qxd1 {2} 20... Bxc4 {16} 21. Bxc4 {3} 21... h5 {9} 22. h3 {3} 22... Nh4 {7}
23. e4 {30} 23... Ng6 {4} 24. g3 {7} 24... h4 {3} 25. Kg2 {3} 25... Nf8 {5} 26.
Bc1 {4} 26... Ne6 {2} 27. Be3 {3} 27... g6 {5} 28. Qd3 {8} 28... Kg7 {5} 29.
Ne2 {2} 29... Nh5 {3} 30. Qb3 {22} 30... Nf8 {15} 31. g4 {4} 31... Nf6 {15} 32.
f3 {5} 32... N6h7 {2} 33. Nc1 {12} 33... Ng5 {3} 34. Nd3 {4} 34... Nfe6 {2} 35.
Bxe6 {5} 35... Nxe6 {1} 36. Qc3 {2} 36... Qf6 {3} 37. Qd2 {7} 37... Qd8 {3} 38.
Nb2 {Kuppenheim 12hB bietet Remis 7} 38... Qe7 {12} 39. Nc4 {4} 39... Kg8 {8}
40. Kf2 {2} 40... Qf8 {3} 41. Ke2 {1} 41... Qe8 {2} 42. Qd3 {1} 42... Qc8 {2}
43. Nd6 {2} 43... Qb8 {5} 44. Nc4 {1} 44... Bd8 {5} 45. Qd7 {5} 45... Bg5 {3}
46. Nd6 {5} 46... Qf8 {1} 47. Qxb7 {15} 47... Bxe3 {1} 48. Kxe3 {1} 48... Nf4 {
1} 49. Qxc6 {2} 49... Nxh3 {. . (Lag: Av=0.64s, max=1.1s) 1} 0-1

[Event "Wertungspartie, 4m + 0s"]
[Site "Rochade Kuppenheim"]
[Date "2002.06.22"]
[Round "?"]
[White "Luke McShane"]
[Black "Kuppenheim 12hB"]
[Result "1-0"]
[WhiteElo "1882"]
[BlackElo "1318"]
[Annotator "www.Rochade-Kuppenheim.de"]
[PlyCount "115"]
[EventDate "2002.??.??"]

1. e4 {1} 1... c6 {1} 2. d4 {2} 2... d6 {1} 3. Nf3 {3} 3... Bg4 {2} 4. Nbd2 {4}
4... Qc7 {1} 5. Be2 {3} 5... e5 {2} 6. c3 {4} 6... Nd7 {1} 7. O-O {2} 7... Ngf6
{1} 8. h3 {6} 8... Bh5 {2} 9. Re1 {2} 9... Be7 {1} 10. b3 {5} 10... O-O {2} 11.
Bb2 {1} 11... Rfe8 {6} 12. Rc1 {5} 12... h6 {2} 13. Nh2 {20} 13... Bg6 {2} 14.
Bf1 {5} 14... Bf8 {2} 15. Ng4 {2} 15... Nxg4 {3} 16. hxg4 {1} 16... Be7 {4} 17.
c4 {4} 17... Bg5 {2} 18. Rc2 {7} 18... Bxd2 {5} 19. Rxd2 {2} 19... Nf8 {1} 20.
c5 {7} 20... exd4 {9} 21. cxd6 {1} 21... Qxd6 {1} 22. Bxd4 {2} 22... Qc7 {4}
23. f3 {6} 23... Ne6 {3} 24. Be3 {3} 24... Rad8 {3} 25. Qc1 {2} 25... a6 {7}
26. b4 {2} 26... Rxd2 {3} 27. Qxd2 {1} 27... Rd8 {1} 28. Qf2 {2} 28... Rd7 {5}
29. a3 {3} 29... f6 {6} 30. Bc4 {3} 30... Bf7 {1} 31. Be2 {1} 31... Nf4 {4} 32.
Bf1 {4} 32... Nd3 {6} 33. Bxd3 {1} 33... Rxd3 {1} 34. a4 {1} 34... Qd7 {2} 35.
a5 {2} 35... Bc4 {Kuppenheim 12hB bietet Remis 4} 36. Bc5 {6} 36... Bf7 {3} 37.
Qg3 {2} 37... Kh7 {2} 38. Kh2 {1} 38... Rd1 {2} 39. Rxd1 {2} 39... Qxd1 {2} 40.
Qc7 {0} 40... Qb3 {45} 41. Qxb7 {2} 41... Qc4 {3} 42. Qxc6 {2} 42... Bg8 {3}
43. Qd7 {2} 43... Bf7 {3} 44. Kg3 {4} 44... Be6 {1} 45. Qd6 {2} 45... Bf7 {4}
46. Bd4 {1} 46... Be8 {4} 47. e5 {1} 47... fxe5 {6} 48. Qxe5 {1} 48... Qf7 {2}
49. Qe4+ {1} 49... Kg8 {4} 50. Qa8 {1} 50... Kh7 {1} 51. Qxa6 {2} 51... Qc7+ {3
} 52. Kh3 {1} 52... h5 {3} 53. Qd3+ {1} 53... Bg6 {2} 54. Qe3 {2} 54... hxg4+ {
1} 55. fxg4 {3} 55... Qc4 {6} 56. Qe5 {5} 56... Qf7 {5} 57. a6 {3} 57... Be4 {1
} 58. Qxe4+ {Kuppenheim 12hB gibt auf (Lag: Av=0.62s, max=0.9s) 2} 1-0

[Event "Wertungspartie, 4m + 0s"]
[Site "Rochade Kuppenheim"]
[Date "2002.06.22"]
[Round "?"]
[White "Kuppenheim 12hB"]
[Black "Luke McShane"]
[Result "0-1"]
[WhiteElo "1317"]
[BlackElo "1883"]
[Annotator "www.Rochade-Kuppenheim.de"]
[PlyCount "46"]
[EventDate "2002.??.??"]

1. e4 {1} 1... c5 {2} 2. Nc3 {1} 2... Nc6 {1} 3. g3 {1} 3... g6 {1} 4. Bg2 {0}
4... Bg7 {0} 5. d3 {0} 5... d6 {1} 6. Nge2 {1} 6... Nf6 {1} 7. O-O {2} 7... O-O
{1} 8. f4 {2} 8... Bg4 {7} 9. h3 {2} 9... Bxe2 {1} 10. Nxe2 {2} 10... Nd7 {6}
11. c3 {2} 11... Rb8 {2} 12. g4 {1} 12... b5 {1} 13. Ng3 {1} 13... b4 {1} 14.
f5 {5} 14... bxc3 {3} 15. Be3 {20} 15... Rxb2 {7} 16. g5 {6} 16... Nd4 {5} 17.
Qg4 {6} 17... Ne5 {2} 18. Qh4 {4} 18... f6 {30} 19. fxg6 {3} 19... hxg6 {2} 20.
gxf6 {2} 20... exf6 {2} 21. Bxd4 {4} 21... cxd4 {2} 22. Nh1 {7} 22... f5 {5}
23. Nf2 {3} 23... Qxh4 {Kuppenheim 12hB gibt auf (Lag: Av=0.62s, max=1.0s) 2}
0-1

[Event "Wertungspartie, 4m + 0s"]
[Site "Rochade Kuppenheim"]
[Date "2002.06.22"]
[Round "?"]
[White "Luke McShane"]
[Black "Kuppenheim 12hB"]
[Result "1-0"]
[WhiteElo "1885"]
[BlackElo "1315"]
[Annotator "www.Rochade-Kuppenheim.de"]
[PlyCount "25"]
[EventDate "2002.??.??"]

1. e4 {1} 1... c5 {2} 2. Nf3 {1} 2... Nc6 {0} 3. Bb5 {3} 3... g6 {2} 4. O-O {1}
4... Bg7 {1} 5. c3 {1} 5... Nh6 {2} 6. d4 {3} 6... O-O {38} 7. dxc5 {8} 7... f6
{12} 8. h3 {17} 8... Nf7 {3} 9. Be3 {1} 9... Qc7 {2} 10. Na3 {3} 10... d6 {5}
11. cxd6 {2} 11... Nxd6 {1} 12. Ba4 {2} 12... b6 {10} 13. Qd5+ {
Kuppenheim 12hB gibt auf (Lag: Av=0.66s, max=1.0s) 3} 1-0

[Event "Wertungspartie, 4m + 0s"]
[Site "Rochade Kuppenheim"]
[Date "2002.06.22"]
[Round "?"]
[White "Alexander Naumann"]
[Black "Luke McShane"]
[Result "1-0"]
[WhiteElo "1314"]
[BlackElo "1886"]
[Annotator "www.Rochade-Kuppenheim.de"]
[PlyCount "73"]
[EventDate "2002.??.??"]

1. e4 {1} 1... c5 {2} 2. Nf3 {4} 2... Nc6 {1} 3. Bb5 {1} 3... g6 {1} 4. O-O {1}
4... Bg7 {1} 5. Re1 {1} 5... e5 {5} 6. b4 {2} 6... Nxb4 {11} 7. Bb2 {1} 7...
Qc7 {15} 8. c3 {4} 8... Nc6 {2} 9. d4 {0} 9... d6 {9} 10. Na3 {12} 10... a6 {11
} 11. Bf1 {38} 11... b5 {13} 12. Nc2 {4} 12... Nge7 {3} 13. a4 {1} 13... Rb8 {5
} 14. axb5 {2} 14... axb5 {1} 15. Ne3 {8} 15... O-O {6} 16. Nd5 {1} 16... Qd8 {
8} 17. dxc5 {18} 17... dxc5 {2} 18. Qc2 {6} 18... Nxd5 {10} 19. exd5 {1} 19...
Qxd5 {6} 20. c4 {0} 20... bxc4 {8} 21. Bxc4 {33} 21... Qd6 {14} 22. Ba3 {7}
22... Bf5 {5} 23. Qc1 {7} 23... Nb4 {12} 24. Rd1 {6} 24... Qc7 {2} 25. Nh4 {11}
25... Be4 {7} 26. Qe3 {6} 26... Bb7 {10} 27. Rac1 {1} 27... Qe7 {3} 28. Nf3 {4}
28... Ra8 {7} 29. Bb2 {1} 29... Rae8 {6} 30. h3 {3} 30... h6 {1} 31. Bc3 {3}
31... Bxf3 {3} 32. Qxf3 {1} 32... e4 {1} 33. Qg3 {4} 33... Bxc3 {3} 34. Rxc3 {1
} 34... Rd8 {4} 35. Qxg6+ {2} 35... Kh8 {4} 36. Qxh6+ {1} 36... Kg8 {1} 37.
Rg3+ {Luke McShane resigns (Lag: Av=0.63s, max=1.0s) 0} 1-0

[Event "Wertungspartie, 4m + 0s"]
[Site "Rochade Kuppenheim"]
[Date "2002.06.22"]
[Round "?"]
[White "Luke McShane"]
[Black "Kuppenheim 12hB"]
[Result "1-0"]
[WhiteElo "1848"]
[BlackElo "1352"]
[Annotator "www.Rochade-Kuppenheim.de"]
[PlyCount "69"]
[EventDate "2002.??.??"]

1. e4 {0} 1... e5 {4} 2. Nf3 {1} 2... Nc6 {5} 3. Bb5 {1} 3... f5 {3} 4. Nc3 {3}
4... fxe4 {4} 5. Nxe4 {1} 5... Nf6 {5} 6. Qe2 {1} 6... d5 {4} 7. Nxf6+ {2} 7...
gxf6 {3} 8. d4 {1} 8... Bg7 {3} 9. dxe5 {4} 9... O-O {2} 10. Bxc6 {2} 10...
bxc6 {3} 11. e6 {1} 11... Re8 {2} 12. Be3 {1} 12... Bxe6 {3} 13. O-O-O {3}
13... Bg4 {7} 14. h3 {5} 14... Bh5 {3} 15. Qd3 {22} 15... Bg6 {7} 16. Qc3 {1}
16... Qd7 {3} 17. Bc5 {5} 17... Re5 {6} 18. Rhe1 {10} 18... Re4 {4} 19. Nd4 {4}
19... Rae8 {4} 20. f3 {4} 20... Rxe1 {4} 21. Rxe1 {1} 21... Rxe1+ {9} 22. Qxe1
{1} 22... Bf8 {3} 23. Bxf8 {7} 23... Kxf8 {4} 24. Qb4+ {1} 24... Qd6 {9} 25.
Qxd6+ {2} 25... cxd6 {2} 26. Nxc6 {0} 26... Ke8 {2} 27. Nxa7 {2} 27... Kd7 {2}
28. Nb5 {1} 28... Kc6 {2} 29. Nd4+ {1} 29... Kc5 {10} 30. c3 {1} 30... Kc4 {2}
31. Kd2 {2} 31... Bb1 {4} 32. a4 {6} 32... Kc5 {4} 33. a5 {1} 33... Ba2 {4} 34.
b4+ {2} 34... Kc4 {4} 35. a6 {
Kuppenheim 12hB gibt auf (Lag: Av=0.63s, max=1.0s) 1} 1-0